Базис поляризационно-одетых состояний атома в резонансном поле с эллиптической поляризацией; Журнал экспериментальной и теоретической физики; Т. 126, вып. 6

التفاصيل البيبلوغرافية
Parent link:Журнал экспериментальной и теоретической физики=ЖЭТФ/ Российская академия наук (РАН) ; Отделение физических наук РАН.— , 1931-.— 0044-4510
Т. 126, вып. 6.— 2004.— с. 1303-1316
مؤلفون آخرون: Прудников О. Н., Тайченачев А. В., Тумайкин А. М., Юдин В. И., Ниенхаус Г.
اللغة:الروسية
منشور في: 2004
سلاسل:Атомы, спектры, излучение
الموضوعات:
التنسيق: فصل الكتاب
KOHA link:https://koha.lib.tpu.ru/cgi-bin/koha/opac-detail.pl?biblionumber=431864

MARC

LEADER 00000naa2a2200000 4500
001 431864
005 20231101075420.0
035 |a (RuTPU)RU\TPU\prd\92038 
035 |a RU\TPU\prd\34942 
090 |a 431864 
100 |a 20101202a2004 k y0rusy50 ca 
101 0 |a rus 
102 |a RU 
200 1 |a Базис поляризационно-одетых состояний атома в резонансном поле с эллиптической поляризацией  |f О. Н. Прудников, А. В. Тайченачев, А. М. Тумайкин и др. 
225 1 |a Атомы, спектры, излучение 
320 |a Библиогр.: 21 назв. 
461 1 |0 (RuTPU)RU\TPU\prd\1443  |x 0044-4510  |t Журнал экспериментальной и теоретической физики  |l ЖЭТФ  |f Российская академия наук (РАН) ; Отделение физических наук РАН  |d 1931- 
463 1 |0 (RuTPU)RU\TPU\prd\92035  |t Т. 126, вып. 6  |v с. 1303-1316  |d 2004 
610 1 |a атомы 
610 1 |a энергетические уровни 
610 1 |a поляризационно-одетые состояния 
610 1 |a резонансное поле 
610 1 |a эллиптическая поляризация 
610 1 |a базис 
701 1 |a Прудников  |b О. Н. 
701 1 |a Тайченачев  |b А. В. 
701 1 |a Тумайкин  |b А. М. 
701 1 |a Юдин  |b В. И. 
701 1 |a Ниенхаус  |b Г. 
801 1 |a RU  |b 63413507  |c 20050414  |g PSBO 
801 2 |a RU  |b 63413507  |c 20101203  |g RCR 
942 |c BK